|
|
|
|
| LEADER |
00000nam0a2200000 4500 |
| 001 |
28183 |
| 005 |
20231030202715.0 |
| 010 |
|
|
|a 5217023732
|
| 035 |
|
|
|a (RuTPU)RU\TPU\book\28439
|
| 035 |
|
|
|a BOOK00000164
|
| 090 |
|
|
|a 28183
|
| 100 |
|
|
|a 20011209d1993 k y0rusy50 ca
|
| 101 |
0 |
|
|a rus
|
| 102 |
|
|
|a RU
|
| 105 |
|
|
|a z 000zy
|
| 200 |
1 |
|
|a Высокотемпературные материалы и покрытия для газовых турбин
|f Н. В. Абраимов
|
| 210 |
|
|
|a Москва
|c Машиностроение
|d 1993
|
| 215 |
|
|
|a 336 с.
|
| 610 |
1 |
|
|a газовые турбины
|
| 610 |
1 |
|
|a материалы
|
| 610 |
1 |
|
|a покрытия
|
| 610 |
1 |
|
|a сплавы
|
| 610 |
1 |
|
|a авиадвигатели
|
| 610 |
1 |
|
|a высокотемпературные материалы
|
| 610 |
1 |
|
|a керамические материалы
|
| 610 |
1 |
|
|a металлические покрытия
|
| 610 |
1 |
|
|a долговечность
|
| 675 |
|
|
|a 621.431.75-2
|v 3
|
| 700 |
|
1 |
|a Абраимов
|b Н. В.
|g Николай Васильевич
|
| 801 |
|
0 |
|a RU
|b 63413507
|c 20011209
|g PSBO
|
| 801 |
|
2 |
|a RU
|b 63413507
|c 20170221
|g PSBO
|
| 942 |
|
|
|c BK
|